The art of seduction (hb) (Record no. 570434)

MARC details
000 -LEADER
fixed length control field 00501nam a2200181Ia 4500
008 - FIXED-LENGTH DATA ELEMENTS--GENERAL INFORMATION
fixed length control field 250327s9999 xx 000 0 und d
020 ## - INTERNATIONAL STANDARD BOOK NUMBER
ISBN 9789386021915
Paper back/Hardbound pbk
041 ## - LANGUAGE CODE
Language code of text/sound track or separate title eng
082 ## - DEWEY DECIMAL CLASSIFICATION NUMBER
Classification number 306.7
Item number ANA
100 ## - MAIN ENTRY--AUTHOR NAME
Personal name Anand, Seema
245 #4 - TITLE STATEMENT
Title The art of seduction (hb)
Statement of responsibility, etc /Seema Anand
250 ## - EDITION STATEMENT
Edition statement 1 ed.
260 ## - PUBLICATION, DISTRIBUTION, ETC. (IMPRINT)
Name of publisher Aleph book company
Year of publication 2018
Place of publication New Delhi
300 ## - PHYSICAL DESCRIPTION
Number of Pages 188 p.
Dimensions 19 cm.
650 ## - SUBJECT ADDED ENTRY--TOPICAL TERM
Topical Term Art of perfuming; Secret language of lovers
942 ## - ADDED ENTRY ELEMENTS (KOHA)
Koha item type English Books
Holdings
Withdrawn status Lost status Damaged status Not for loan Home library Current library Shelving location Date acquired Cost, normal purchase price Full call number Accession Number Price effective from Koha item type
        Anna Centenary Library Anna Centenary Library 3RD FLOOR, B WING 27.03.2025 499.00 306.7 ANA 700464 27.03.2025 English Books
        Anna Centenary Library Anna Centenary Library 3RD FLOOR, B WING 27.03.2025 499.00 306.7 ANA 700465 27.03.2025 English Books

Find us on the map